Loading...
| Fine Arts - Visual | 0 | 4 | 0 | 1 | 40 | 109 | 117.75 | 1 | 4 | 5.96 | 16.67 |
| Science - Biology | 0 | 4 | 1 | 2 | 35 | 41 | 83.75 | 2 | 4 | 12.21 | 27.27 |
| Fine Arts - Other | 0 | 2 | 0 | 1 | 20 | 102 | 113.50 | 0 | 2 | 1.51 | 9.09 |
| Geography/Current Events | 0 | 2 | 0 | 1 | 20 | 79 | 95.00 | 0 | 2 | 8.45 | 19.44 |
| Pop Culture | 0 | 1 | 0 | 0 | 10 | 126 | 126.00 | 1 | 1 | 0.00 | 50.00 |
| Fine Arts - Classical Music | 0 | 1 | 0 | 1 | 10 | 126 | 126.00 | 0 | 1 | 0.79 | 3.03 |
| Literature - American | 0 | 1 | 0 | 1 | 10 | 139 | 139.00 | 0 | 1 | -0.07 | 3.03 |
| Literature - European | 0 | 1 | 0 | 1 | 10 | 134 | 134.00 | 0 | 1 | 0.00 | 3.03 |
| Mythology | 0 | 1 | 0 | 0 | 10 | 79 | 79.00 | 0 | 1 | 3.81 | 6.06 |
| Science - Other | 0 | 1 | 0 | 0 | 10 | 75 | 75.00 | 1 | 1 | 3.85 | 9.09 |
| Science - Physics | 0 | 0 | 1 | 0 | -5 | 0.00 | 0 | 0 | 0.00 | 0.00 | |
| History - American | 0 | 0 | 1 | 0 | -5 | 0.00 | 0 | 0 | 0.00 | 0.00 |